Southville International School and Colleges
Your cart is empty.
  • Cart
  • Lists
    Public lists Eva Luna New books Lux_list list_1
    Your lists Log in to create your own lists
  • Log in to your account
  • Your cookies
  • Search history
Southville International School and Colleges
  • Advanced search
  • Recent comments
  • Most popular
  • Libraries

Log in to your account

Log in with GOOGLE


If you do not have an external account, but do have a local account, you can still log in:

  1. Home
  2. MARC view: Perspectives in nutrition/.
Normal view MARC view ISBD view

Perspectives in nutrition/. (Record no. 20741)

[ view plain ]
MARC details
000 -LEADER
fixed length control field 00623nam a2200229 a 4500
005 - DATE AND TIME OF LATEST TRANSACTION
control field 20140310183248.0
008 - FIXED-LENGTH DATA ELEMENTS--GENERAL INFORMATION
fixed length control field 040921s19uu xx 00 eng d
020 ## - INTERNATIONAL STANDARD BOOK NUMBER
International Standard Book Number 0-07-121784-3
050 ## - LIBRARY OF CONGRESS CALL NUMBER
Classification number QP 141
Item number .W38 2004
100 ## - MAIN ENTRY--PERSONAL NAME
Personal name Wardlaw, Gordon M.
245 ## - TITLE STATEMENT
Title Perspectives in nutrition/.
Statement of responsibility, etc Gordon M. Wardlaw
250 ## - EDITION STATEMENT
Edition statement 6th ed.
260 ## - PUBLICATION, DISTRIBUTION, ETC. (IMPRINT)
Place of publication, distribution, etc Boston :
Name of publisher, distributor, etc McGraw-Hill,
Date of publication, distribution, etc 2004.
300 ## - PHYSICAL DESCRIPTION
Extent I-26
Other physical details ill. ;
Dimensions 28 cm.
500 ## - GENERAL NOTE
General note Includes glossary and index.
521 ## - TARGET AUDIENCE NOTE
Target audience note
650 ## - SUBJECT ADDED ENTRY--TOPICAL TERM
Topical term or geographic name as entry element Nutrition.
700 ## - ADDED ENTRY--PERSONAL NAME
Personal name Hampl, Jeffrey S.
700 ## - ADDED ENTRY--PERSONAL NAME
Personal name Disilvestro, Robert A.
942 ## - ADDED ENTRY ELEMENTS (KOHA)
Koha item type Books
Source of classification or shelving scheme Library of Congress Classification
Call number prefix Foreign
Holdings
Withdrawn status Lost status Source of classification or shelving scheme Damaged status Home library Current library Shelving location Date acquired Total Checkouts Full call number Barcode Date last seen Date checked out Copy number Price effective from Koha item type
    Library of Congress Classification   College Library College Library General Circulation Section 09/21/2004 1 QP 141 .W38 2004 C5301 05/15/2018 02/16/2015 1 03/10/2014 Books

Perspectives in nutrition/.

APA

Wardlaw G. M., Hampl J. S. & Disilvestro R. A. (2004). Perspectives in nutrition. Boston: McGraw-Hill.

Chicago

Wardlaw Gordon M, Hampl Jeffrey S and Disilvestro Robert A. 2004. Perspectives in nutrition. Boston: McGraw-Hill.

Harvard

Wardlaw G. M., Hampl J. S. and Disilvestro R. A. (2004). Perspectives in nutrition. Boston: McGraw-Hill.

MLA

Wardlaw Gordon M, Hampl Jeffrey S and Disilvestro Robert A. Perspectives in nutrition. Boston: McGraw-Hill. 2004.

  • Place hold
  • Print
  • Cite
  • Add to your cart (remove)
  • Save record
    BIBTEX Dublin Core MARCXML MARC (non-Unicode/MARC-8) MARC (Unicode/UTF-8) MARC (Unicode/UTF-8, Standard) MODS (XML) RIS
  • More searches
    Search for this title in:
    Other Libraries (WorldCat) Other Databases (Google Scholar) Online Stores (Bookfinder.com) Open Library (openlibrary.org)

Exporting to Dublin Core...

SOUTHVILLE LIBRARY

Southville International School and Colleges Library

1281 Tropical Ave. Cor. Luxembourg St., BF Homes International, Las Pinas City

Tel. No. 8256374 / 252358 Loc. 117/146

Powered by Koha